| 000 | 00579 a2200133 4500 | ||
|---|---|---|---|
| 082 | _aMSIT-8 | ||
| 100 |
_aMuhammad Riaz ud din _9100397 |
||
| 245 |
_aReliability and lifetime modeling of wireless sensors network _cMuhammad Riaz ud Din |
||
| 260 |
_aIslamabad _bNUST School of Electrical Engineering and Computer Science _c2011. |
||
| 300 |
_aviii, 42p. _b:ill. _c;27cm.+ _eCD-ROM |
||
| 500 | _aSupervisors: Dr. Syed Ali Khayam, Dr. Anjum Naveed, Dr. Adeel Baig, Ms. Ayesha Bint Saleem | ||
| 856 | _uhttp://10.250.8.41:8080/xmlui/handle/123456789/10122 | ||
| 942 |
_cPR _kMSIT-8 RIA _2ddc |
||
| 999 |
_c10502 _d10502 |
||